Imperialismo y dictadura : crisis de una formación social /
Zapisane w:
| 1. autor: | |
|---|---|
| Format: | Nieznany |
| Język: | Spanish |
| Wydane: |
México D.F. :
Siglo Veintiuno Editores,
1979.
|
| Wydanie: | 4. edición |
| Seria: | (Serie Sociología y Política)
|
| Hasła przedmiotowe: | |
| Etykiety: |
Dodaj etykietę
Nie ma etykietki, Dołącz pierwszą etykiete!
|
MARC
| LEADER | 000000000a22000000004500 | ||
|---|---|---|---|
| 001 | 002141 | ||
| 020 | |a 968230105x | ||
| 041 | 0 | |a spa | |
| 082 | 0 | 4 | |a 320.972.85 |b W565i4 |
| 100 | 1 | |a Wheelock Roman, Jaime | |
| 245 | 1 | 0 | |a Imperialismo y dictadura : |b crisis de una formación social / |c Jaime Wheelock Roman. |
| 250 | |a 4. edición | ||
| 260 | 1 | |a México D.F. : |b Siglo Veintiuno Editores, |c 1979. | |
| 300 | |a 213 páginas : |b ilustraciones | ||
| 490 | 1 | |a (Serie Sociología y Política) | |
| 650 | 4 | |a NICARAGUA | |
| 650 | 4 | |a POLITICA Y GOBIERNO, 1933 | |
| 650 | 4 | |a HISTORIA, 1993 - | |
| 650 | 4 | |a IMPERIALISMO | |
| 650 | 4 | |a DICTADURA | |
| 999 | |c 8728 |d 8728 | ||
| 942 | |c BK |h 320.972.85 W565i4 |2 z | ||



